Datum a čas kvízu
27.5
Celkem bodů
Celkový počet nahraných bodů na tomto kvízu bez doplňovacích otázek.
6.
Pořadí na kvízu
Konečné umístění týmu na tomto kvízu.
Zaznamenané odpovědi
| # | Otázka | Odpověď | Body | Výsledky |
|---|---|---|---|---|
| 1. | Minulý týden jsme se dozvěděli... | konipas | 1 | |
| 2. | Ve volební kampani v Německu s... | (Hitlerův) knírek | 1 | |
| 3. | Minulý týden byl zveřejněn tra... | Brad Pitt | 1 | |
| 4. | V úterý byl představen Index p... | Turnov, Luhačovice | 1 | |
| 5. | Ve středu byl v městečku Lenze... | ve Švýcarsku | 1 | |
| 6. | Vítězné téma facebookového hla... | Crassus | 0 | |
| 7. | Který diktátor posbíral během... | Benito Mussolini | 0 | |
| 8. | Na fotce je rodný dům diktátor... | Kim Ir-sen (Kim Il-sung) | 0 | |
| 9. | Který diktátor se nechal před... | Alexandr Lukašenko | 0 | |
| 10. | Mezi mnoho afrických diktátorů... | Uganda, Kampaly | 0 |